00549 2200193 4500001002100000005001500021035002500036090002100061245006800082260004400150300002200194008004100216082001300257084002100270100002500291650001500316990001200331990001200343YOGYA00000000003986220180819084714 a0010-081400000039580 aL 340.0992 kon a1 aAdatrechtbundels :bXXXII: Zuid-Sumatra /cKoninklijk Instituut aS-Gravenhage :bMartinus Nijhoff,c1930 a468 hlm. ;c24 cm180819 0 dut  a340.0992 aL 340.0992 KON a0 aKoninklijk Instituut aIlmu Hukum a63109-a a63110-a